| 000 | 00613nam a22002297a 4500 | ||
|---|---|---|---|
| 001 | BD-DhSAU 5619 | ||
| 003 | BD-DhSAU | ||
| 005 | 20150416154738.0 | ||
| 008 | 150416b1944 enk |||| |||| 001 0 eng d | ||
| 040 | _aBD-DhSAU | ||
| 082 |
_222 _a635.8 _bWHT |
||
| 100 | _aWhitehead, George E. | ||
| 245 |
_aTomatoes mushrooms and other choice food-crops / _cGeorge E. Whitehead |
||
| 260 |
_aLondon : _bAdam & Charles Black , _c1944. |
||
| 300 |
_a94 p. : _c18 cm. |
||
| 504 | _ainclude index | ||
| 590 | _atamanna | ||
| 650 | _ahorticulture | ||
| 650 | _afood crops | ||
| 650 | _atomato | ||
| 650 | _amushroom | ||
| 942 |
_2ddc _cBOOK |
||
| 999 |
_c5619 _d5619 |
||